| Registos Bibliográficos associados ao registo de autoridade |
|
Etiqueta de registo: 00254nam 2200025 450 001 2273895 003 http://id.bnportugal.gov.pt/bib/catbnp/2273895 010 ## $a978-989-33-8320-9 021 ## $aPT$b554982/25 100 ## $a20260302d2025 m y0pory01030103ba 101 1# $aeng$cpor 102 ## $aPT 105 ## $aa z 000yy 106 ## $ar 200 1# $a The oldest surfer of the Atlantic$e a history of surfing in the Azores$fPedro Arruda$gpict. Marco Costa 205 ## $a1st ed 210 #9 $a[S.l.]$cLabirinto de Espelhos,$d2025 215 ## $a409, [2] p.$cil.$d23 cm 675 ## $a797.17(469.9)(091)$vBN$zpor$31961855 700 #1 $aArruda,$bPedro,$f1974-$31669148 702 #1 $aCosta,$bMarco$4600$31988117 801 #0 $aPT$bBN$gRPC 856 41 $uhttp://rnod.bnportugal.gov.pt/ImagesBN/winlibimg.aspx?skey=&doc=2273895&img=221240&save=true 900 ## $aBIBNAC$d20260420 966 ## $lBN$mFGMON$sB.A. 53682 V.$x1 966 ## $lBN$mFGMON$sB.A. 53682 V.-D$x1 971 ## $cssilva$d20260302 972 ## $e0$z0$d20260420$vasantos 973 ## $cigoulao$d20260410
|
|
|